00555 2200181 4500001002100000005001500021035002000036007000300056008003900059082000800098084001400106100001900120245010400139260003700243300004400280650003500324022001400359INLIS00000000000202420250814012110 a0010-0825000300ta250814 | | |  a332 a332 BAN s0 aBank Indonesia1 aStatistik Ekonomi Keuangan Daerah Provinsi Kalimantan Utara Vol. 9 No. 3 Mei 2025 /cBank Indonesia aTarakan :bBank Indonesia,c2025 aix; 139 Halaman :bteks; tabel ;c29 cm 4aEkonomi Keuangan dan Finansial a2598-8972